Cassell's concise spanish-english, english-spanish (Record no. 58774)

MARC details
000 -LEADER
campo de control de longitud fija 00562nam a2200181 i 4500
001 - NÚMERO DE CONTROL
campo de control 58774
003 - IDENTIFICADOR DE NÚMERO DE CONTROL
campo de control ES-MaACL
005 - FECHA Y HORA DE LA ÚLTIMA TRANSACCIÓN
campo de control 20230906163901.0
007 - CAMPO FIJO DE DESCRIPCIÓN FÍSICA--INFORMACIÓN GENERAL
campo de control de longitud fija t|
008 - DATOS DE LONGITUD FIJA--INFORMACIÓN GENERAL
campo de control de longitud fija 031024s1977 xxk ||||1| eng d
100 1# - ENTRADA PRINCIPAL--NOMBRE DE PERSONA
Nombre de persona Dutton, Brian.
9 (RLIN) 46363
245 10 - MENCIÓN DEL TÍTULO
Título Cassell's concise spanish-english, english-spanish
Resto del título : dictionary /
Mención de responsabilidad, etc. Brian Dutton, L.P. Harvey, Roger M. Walker.
260 ## - PUBLICACIÓN, DISTRIBUCIÓN, ETC.
Lugar de publicación, distribución, etc. London :
Nombre del editor, distribuidor, etc. Cassell,
Fecha de publicación, distribución, etc. [1977]
300 ## - DESCRIPCIÓN FÍSICA
Extensión XV, 444 p. ;
Dimensiones 19 cm.
700 1# - ENTRADA AGREGADA--NOMBRE PERSONAL
Nombre de persona Harvey, L. P.
9 (RLIN) 62019
700 1# - ENTRADA AGREGADA--NOMBRE PERSONAL
Nombre de persona Walker, Roger M.
9 (RLIN) 115939
852 ## - LOCALIZACIÓN
Ubicación ES-MaACL
Número de control de estantería L-242
Sublocalización o colección R.101091
Holdings
Estatus retirado Estado de pérdida Estado de daño No para préstamo Biblioteca de origen Biblioteca actual Ubicación en estantería Fecha de adquisición Fuente de adquisición Total de préstamos Signatura topográfica completa Código de barras Visto por última vez Precio de reemplazo Tipo de ítem Koha
        Biblioteca del Ateneo de Madrid Biblioteca del Ateneo de Madrid Depósito 2 17/01/2008     L-242 1061660 23/02/2023 23/02/2023 Libro impreso